El ejercito y la política en la Argentina. 1945 - 1962 De Perón a Frondizi / II :

Guardado en:
Autor Principal: Potash, Robert A.
Otros Autores: Tejedor, Enrique, (trad.)
Formato: Desconocido
Idioma:Spanish
Publicado: Buenos Aires : Hyspamérica, 1986
Edición:1a. ed.
Series:Biblioteca Argentina de historia y política ; 3
Materias:
Etiquetas: Agregar Etiqueta
Sin Etiquetas, Sea el primero en etiquetar este registro!
LEADER 00646nac a22001815a 4500
001 DER.der003516
008 180615s1986####|||||||||||||||||#||spa||
005 20250224121339.0
245 1 0 |a El ejercito y la política en la Argentina.  |n II :  |b 1945 - 1962 De Perón a Frondizi /  |c Robert A. Potash ; traducido por Enrique Tejedor. 
250 |a 1a. ed. 
260 |a Buenos Aires :  |b Hyspamérica,  |c 1986 
300 |a 553 p. 
440 0 |a Biblioteca Argentina de historia y política ;  |v 3 
020 |a 9506143587 
100 1 |a Potash, Robert A. 
700 1 |a Tejedor, Enrique,  |e trad. 
650 7 |a CIENCIA POLITICA 
859 |a DERECHO  |b BIB. DERECHO  |h 347.02  |i POT  |p 005223